| 000 | 00357nam a2200133 a 4500 | ||
|---|---|---|---|
| 005 | 20140513081050.0 | ||
| 008 | 020906s19uu xx 00 eng d | ||
| 050 |
_aP 553.7 _bAn96 2000 |
||
| 245 | _aIba't ibang anyong lupa. | ||
| 260 |
_aPhilippines : _bMbuhay Educational Center, Inc, _c2000. |
||
| 300 | _aPoster | ||
| 650 | _aAnyong lupa | ||
| 999 |
_c116262 _d116262 |
||